Pokémon Gen 3 TM's - Statistics

General Stats
  • This quiz has been taken 30 times
  • The average score is 41 of 58
Answer Stats
TM Type Move % Correct
TM26 Ground Earthquake
95%
TM25 Electric Thunder
95%
TM24 Electric Thunderbolt
95%
TM14 Ice Blizzard
91%
HM01 Normal Cut
91%
HM08 Water Dive
91%
TM02 Dragon Dragon Claw
91%
TM35 Fire Flamethrower
91%
HM02 Flying Fly
91%
TM29 Psychic Psychic
91%
HM06 Fighting Rock Smash
91%
HM04 Normal Strength
91%
HM03 Water Surf
91%
HM07 Water Waterfall
91%
TM04 Psychic Calm Mind
86%
TM38 Fire Fire Blast
86%
HM05 Normal Flash
86%
TM01 Fighting Focus Punch
86%
TM07 Ice Hail
86%
TM13 Ice Ice Beam
86%
TM30 Ghost Shadow Ball
86%
TM03 Water Water Pulse
86%
TM40 Flying Aerial Ace
82%
TM08 Fighting Bulk Up
82%
TM50 Fire Overheat
82%
TM34 Electric Shock Wave
82%
TM36 Poison Sludge Bomb
82%
TM47 Steel Steel Wing
82%
TM06 Poison Toxic
82%
TM28 Ground Dig
77%
TM39 Rock Rock Tomb
77%
TM11 Fire Sunny Day
77%
TM09 Grass Bullet Seed
73%
TM19 Grass Giga Drain
73%
TM18 Water Rain Dance
73%
TM22 Grass Solar Beam
73%
TM23 Steel Iron Tail
68%
TM15 Normal Hyper Beam
64%
TM27 Normal Return
64%
TM46 Dark Thief
64%
TM42 Normal Facade
59%
TM31 Fighting Brick Break
55%
TM21 Normal Frustration
55%
TM17 Normal Protect
55%
TM33 Psychic Reflect
55%
TM37 Rock Sandstorm
55%
TM16 Psychic Light Screen
50%
TM05 Normal Roar
50%
TM32 Normal Double Team
45%
TM44 Psychic Rest
45%
TM48 Psychic Skill Swap
45%
TM45 Normal Attract
36%
TM10 Normal Hidden Power
36%
TM20 Normal Safeguard
36%
TM43 Normal Secret Power
36%
TM49 Dark Snatch
36%
TM12 Dark Taunt
32%
TM41 Dark Torment
32%
No matching quizzes found
Score Distribution
Percent of People with Each Score
Percentile by Number Answered
Your Score History
You have not taken this quiz